[Event "Canada vs. Ukraine"]
[Site "CCCA"]
[Date "2017.11.14"]
[Round "2"]
[White "Khanas, Valeriy"]
[Black "Dufour, Michael"]
[Result "1/2-1/2"]
[WhiteElo "2357"]
[BlackElo "2311"]
[EventDate "2017.11.14"]
[Board "2"]
[WhiteTeam "Ukraine"]
[BlackTeam "Canada"]

1.d4 Nf6 2.c4 e6 3.Nf3 d5 4.Nc3 Bb4 5.Bg5 h6 6.Bxf6 Qxf6 7.e3 O-O 8.Rc1 
dxc4 9.Bxc4 c5 10.O-O cxd4 11.Nxd4 Bd7 12.Ne4 Qe7 13.Be2 Nc6 14.a3 Nxd4 
15.Qxd4 Ba5 16.Qc5 Qxc5 17.Nxc5 Bc6 18.Bf3 Bxf3 19.gxf3 Rfb8 20.Rfd1 b5 
21.Kg2 Bd8 22.f4 a5 23.Rd7 a4 24.Nd3 Bf6 25.Kf3 Rd8 26.Rxd8+ Rxd8 27.Ke2 
g5 28.f5 exf5 29.Rc5 f4 30.exf4 Re8+ 1/2-1/2

[Event "Canada vs. Ukraine"]
[Site "CCCA"]
[Date "2017.11.14"]
[Round "1"]
[White "Dufour, Michael"]
[Black "Khanas, Valeriy"]
[Result "1/2-1/2"]
[WhiteElo "2311"]
[BlackElo "2357"]
[EventDate "2017.11.14"]
[Board "2"]
[WhiteTeam "Canada"]
[BlackTeam "Ukraine"]

1.e4 e5 2.Nf3 Nc6 3.Bb5 a6 4.Ba4 Nf6 5.O-O b5 6.Bb3 Bb7 7.Re1 Bc5 8.c3 d6 
9.d4 Bb6 10.Be3 O-O 11.Nbd2 exd4 12.cxd4 Nb4 13.Qb1 c5 14.a3 Nc6 15.d5 Ne7
16.h3 h6 17.Bc2 Ne8 18.b4 f5 19.bxc5 dxc5 20.Bb3 Kh8 21.exf5 Nxf5 22.Ne5 
Nxe3 23.Rxe3 c4 24.Ndxc4 bxc4 25.Ng6+ Kg8 26.Ne7+ Kh8 27.Ng6+ Kg8 28.Bxc4 
Nd6 29.Ne7+ Kh8 30.Ng6+ Kg8 31.Ne7+ Kh8 32.Ng6+ 1/2-1/2

[Event "Canada vs. Ukraine"]
[Site "CCCA"]
[Date "2017.11.14"]
[Round "2"]
[White "Degtyaryov, Sergey"]
[Black "Akwei, Loving"]
[Result "1-0"]
[WhiteElo "2295"]
[BlackElo "2267"]
[EventDate "2017.11.14"]
[Board "4"]
[WhiteTeam "Ukraine"]
[BlackTeam "Canada"]
[Termination "time forfeit"]

1.d4 d5 2.Nf3 Nf6 3.e3 e6 4.Bd3 c5 5.c3 b6 6.Nbd2 Bb7 7.Ne5 Bd6 8.f4 O-O 
9.Qf3 Qc7 10.g4 Ba6 11.Bxa6 Nxa6 12.g5 Nd7 13.O-O f6 14.gxf6 gxf6 15.Ng4 
f5 16.Ne5 Nxe5 17.fxe5 Be7 18.Qe2 Qc8 19.Nf3 Nc7 20.Bd2 1-0

[Event "Canada vs. Ukraine"]
[Site "CCCA"]
[Date "2017.11.14"]
[Round "1"]
[White "Akwei, Loving"]
[Black "Degtyaryov, Sergey"]
[Result "1/2-1/2"]
[WhiteElo "2267"]
[BlackElo "2295"]
[EventDate "2017.11.14"]
[Board "4"]
[WhiteTeam "Canada"]
[BlackTeam "Ukraine"]

1.e4 c6 2.d4 d5 3.e5 Bf5 4.Nf3 e6 5.Be2 Nd7 6.O-O h6 7.Nbd2 Ne7 8.Nb3 Qc7 
9.a4 g5 10.Bd2 a5 11.c3 Bg7 12.Ne1 c5 13.Bb5 Nc6 14.f4 c4 15.Nc1 O-O 16.
fxg5 hxg5 17.Bxg5 f6 18.exf6 Nxf6 19.Ne2 Ne4 20.Be3 Rf6 21.Nf3 Bh6 22.Qc1 
Qg7 23.Nh4 Bg4 24.Ng3 Rxf1+ 25.Nxf1 Bxe3+ 26.Qxe3 Qf6 27.g3 Rf8 28.Nd2 
Nxd2 29.Qxd2 Ne7 30.Ng2 Ng6 31.Re1 Bh3 32.Qe2 Bg4 33.Qe3 e5 34.h4 Kh7 35.
dxe5 Qe6 36.Qg5 Rf5 1/2-1/2

[Event "Canada vs. Ukraine"]
[Site "CCCA"]
[Date "2017.11.14"]
[Round "2"]
[White "Voronina, Tatyana"]
[Black "Hryniw, Michael"]
[Result "1-0"]
[WhiteElo "2250"]
[BlackElo "2244"]
[EventDate "2017.11.14"]
[Board "6"]
[WhiteTeam "Ukraine"]
[BlackTeam "Canada"]

1.d4 Nf6 2.c4 g6 3.Nc3 d5 4.Nf3 Bg7 5.cxd5 Nxd5 6.e4 Nxc3 7.bxc3 c5 8.Rb1 
O-O 9.Be2 cxd4 10.cxd4 Qa5+ 11.Qd2 Qxd2+ 12.Bxd2 b6 13.O-O Bb7 14.d5 Rc8 
15.Rfc1 Nd7 16.Be3 Nf6 17.Nd2 e6 18.dxe6 Nxe4 19.exf7+ Kxf7 20.Bc4+ Kf8 
21.Nxe4 Bxe4 22.Rb4 Bf5 23.h3 h5 24.g4 hxg4 25.hxg4 Bxg4 26.Bd5 Rxc1+ 27.
Bxc1 Rd8 28.Ba3 Rxd5 29.Rd4+ Kf7 30.Rxd5 Be6 31.Rd8 a5 32.Rb8 Bd4 33.Rf8+ 
Kg7 34.Rd8 Be5 35.Bd6 Bf6 36.Rb8 Bxa2 37.Rb7+ Kg8 38.Rxb6 a4 39.Rb7 Bb3 
40.Kh2 g5 41.Kg3 Bd4 42.f3 Bb2 43.Ra7 Bd4 44.Re7 Bf6 45.Rc7 Bb2 46.Rb7 Bc3
47.Kg4 Bd2 48.Kf5 1-0

[Event "Canada vs. Ukraine"]
[Site "CCCA"]
[Date "2017.11.14"]
[Round "1"]
[White "Hryniw, Michael"]
[Black "Voronina, Tatyana"]
[Result "0-1"]
[WhiteElo "2244"]
[BlackElo "2250"]
[EventDate "2017.11.14"]
[Board "6"]
[WhiteTeam "Canada"]
[BlackTeam "Ukraine"]

1.Nf3 Nf6 2.d4 d5 3.e3 c5 4.c3 e6 5.Bd3 Nbd7 6.Nbd2 b6 7.O-O Bb7 8.Ne5 Be7
9.f4 O-O 10.Rf3 Ne4 11.Nxd7 Qxd7 12.Rh3 g6 13.Nf3 f6 14.Bd2 c4 15.Bc2 b5 
16.Be1 a5 17.a3 b4 18.Bxe4 dxe4 19.Nd2 bxc3 20.bxc3 Bd5 21.a4 Rab8 22.Bh4 
Rb2 23.Rg3 Rfb8 24.Qc1 Qe8 25.Qd1 R8b3 26.Qc1 Rb7 27.Qd1 h6 28.Rh3 g5 29.
Bf2 Qg6 30.fxg5 hxg5 31.g4 f5 32.gxf5 exf5 33.Nf1 f4 34.Qh5 Qxh5 35.Rxh5 
Bf7 36.Rh6 Rc2 37.Be1 Kg7 38.Ra6 Rbb2 39.Bd2 fxe3 40.Nxe3 Rxd2 41.Rf1 Bh5 
42.Ra7 Bf3 0-1

[Event "Canada vs. Ukraine"]
[Site "CCCA"]
[Date "2017.11.14"]
[Round "2"]
[White "Kochan, Igor"]
[Black "Rosenhek, Marvin"]
[Result "1-0"]
[WhiteElo "2158"]
[BlackElo "2035"]
[EventDate "2017.11.14"]
[Board "12"]
[WhiteTeam "Ukraine"]
[BlackTeam "Canada"]

1.e4 c5 2.Nf3 d6 3.d4 cxd4 4.Nxd4 Nf6 5.Nc3 a6 6.Bg5 e6 7.f4 Be7 8.Qf3 Qc7
9.O-O-O Nbd7 10.g4 b5 11.Bxf6 Nxf6 12.g5 Nd7 13.f5 Nc5 14.Rg1 b4 15.Nce2 
e5 16.Nb3 Nd7 17.Kb1 Bb7 18.Ng3 O-O-O 19.f6 gxf6 20.Nf5 Bf8 21.Ne3 Rg8 22.
Nd5 Bxd5 23.Rxd5 Qb6 24.Rg2 Rxg5 25.Rxg5 fxg5 26.Qxf7 Kb8 27.a4 Qc7 28.Ra5
Nc5 29.Qd5 Qc8 30.Bb5 1-0

[Event "Canada vs. Ukraine"]
[Site "CCCA"]
[Date "2017.11.14"]
[Round "1"]
[White "Rosenhek, Marvin"]
[Black "Kochan, Igor"]
[Result "1/2-1/2"]
[WhiteElo "2035"]
[BlackElo "2158"]
[EventDate "2017.11.14"]
[Board "12"]
[WhiteTeam "Canada"]
[BlackTeam "Ukraine"]

1.Nf3 c5 2.e4 Nc6 3.d4 cxd4 4.Nxd4 Nf6 5.Nc3 e5 6.Ndb5 d6 7.Bg5 a6 8.Na3 
b5 9.Nd5 Be7 10.Bxf6 Bxf6 11.c3 O-O 12.Nc2 Rb8 13.h4 Be7 14.Nce3 Be6 15.
Bd3 Qd7 16.Nf5 Kh8 17.a4 Bd8 18.axb5 axb5 19.h5 b4 20.Qa4 bxc3 21.bxc3 Rb7
22.O-O g6 23.hxg6 fxg6 24.Nfe3 Ra7 25.Qc2 Bh4 26.Rab1 Qd8 27.Qb3 Raf7 28.
Rb2 Na5 29.Qb6 Qxb6 30.Nxb6 Kg7 31.Nec4 Nb7 32.f3 Nc5 33.Be2 Rd8 34.Rd1 
Ra7 35.Kh2 Be7 36.Nd5 Kf8 37.Nce3 Bg5 38.Rb6 1/2-1/2

[Event "Canada vs. Ukraine"]
[Site "CCCA"]
[Date "2017.11.14"]
[Round "2"]
[White "Loik, Galina"]
[Black "Marconi, Ralph P."]
[Result "1/2-1/2"]
[WhiteElo "2007"]
[BlackElo "1992"]
[EventDate "2017.11.14"]
[Board "13"]
[WhiteTeam "Ukraine"]
[BlackTeam "Canada"]

1.d4 Nf6 2.c4 e6 3.Nc3 d5 4.cxd5 exd5 5.Bg5 Nbd7 6.e3 h6 7.Bh4 c6 8.Bd3 
Be7 9.Nf3 O-O 10.Qc2 Re8 11.O-O Ne4 12.Bxe7 Qxe7 13.Rfe1 Ndf6 14.Ne5 Nd7 
15.Nxd7 Bxd7 16.a3 Nxc3 17.Qxc3 Qg5 18.Qc2 a5 19.b4 axb4 20.axb4 g6 21.Ra5
b6 22.Ra2 Qe7 23.Rb1 Kg7 24.Qb2 Qg5 25.b5 Bh3 26.Bf1 Bf5 27.Rba1 Rxa2 28.
Qxa2 Qf6 29.Rc1 Rc8 30.Qa7 cxb5 31.Rxc8 Bxc8 32.Qc7 Ba6 33.Bd3 h5 34.f3 
Qg5 35.Kf2 Qh4+ 36.Ke2 Qf6 37.h3 Qe6 1/2-1/2

[Event "Canada vs. Ukraine"]
[Site "CCCA"]
[Date "2017.11.14"]
[Round "1"]
[White "Marconi, Ralph P."]
[Black "Loik, Galina"]
[Result "1/2-1/2"]
[WhiteElo "1992"]
[BlackElo "2007"]
[EventDate "2017.11.14"]
[Board "13"]
[WhiteTeam "Canada"]
[BlackTeam "Ukraine"]

1.e4 c5 2.Nf3 d6 3.d4 cxd4 4.Nxd4 Nf6 5.Nc3 a6 6.Be2 e5 7.Nb3 Be7 8.O-O 
O-O 9.Kh1 Be6 10.f4 exf4 11.Nd4 Bd7 12.Bxf4 Nc6 13.Qd2 Re8 14.Rad1 Rc8 15.
Nf5 Bxf5 16.exf5 d5 17.Nxd5 Qxd5 18.Qxd5 Nxd5 19.Rxd5 Bf6 20.Bh5 Bxb2 21.
Rd7 Re7 22.Rfd1 g6 23.Bf3 Bf6 24.Rxe7 Nxe7 25.g4 gxf5 26.g5 Bg7 27.Bxb7 
Rxc2 28.Rd2 Rc4 29.Bd6 Ng6 30.Bxa6 Rc1+ 31.Kg2 h6 32.gxh6 Bxh6 33.Rd5 Rc2+
34.Kf3 Rxa2 35.Bc4 Rc2 36.Bd3 Rc3 37.Kf2 f4 38.Be4 Rh3 39.Kg2 Re3 40.Bd3 
Ne7 41.Bxe7 1/2-1/2

[Event "Canada vs. Ukraine"]
[Site "CCCA"]
[Date "2017.11.14"]
[Round "2"]
[White "Slyusar, Volodymyr"]
[Black "Egan, Michael"]
[Result "1/2-1/2"]
[WhiteElo "2161"]
[BlackElo "2092"]
[EventDate "2017.11.14"]
[Board "11"]
[WhiteTeam "Ukraine"]
[BlackTeam "Canada"]

1.d4 e6 2.c4 f5 3.g3 Nf6 4.Bg2 c6 5.Nf3 d5 6.O-O Bd6 7.b3 Qe7 8.Bb2 b6 9.
Ne5 Bb7 10.Nd2 O-O 11.Rc1 a5 12.e3 Na6 13.Qe2 Ne4 14.f4 Nc7 15.Rfd1 a4 16.
Nxe4 dxe4 17.Bf1 b5 18.Qe1 b4 19.Rc2 Rfd8 20.Rg2 Rf8 21.g4 axb3 22.axb3 
Bxe5 23.fxe5 fxg4 24.Rxg4 c5 25.Bg2 h5 26.Rg3 cxd4 27.exd4 h4 28.Rg4 h3 
29.Bxe4 Bxe4 30.Qxe4 Qf7 31.Qc2 Ra2 32.Rb1 Qe7 33.Qd3 Qf7 34.Qc2 Qe7 35.
Rg3 Qh4 36.Re1 Rf3 37.Qg6 Rxg3+ 38.hxg3 h2+ 39.Kh1 Qh3 40.Rb1 Ra8 41.d5 
Rf8 1/2-1/2

[Event "Canada vs. Ukraine"]
[Site "CCCA"]
[Date "2017.11.14"]
[Round "1"]
[White "Egan, Michael"]
[Black "Slyusar, Volodymyr"]
[Result "1/2-1/2"]
[WhiteElo "2092"]
[BlackElo "2161"]
[EventDate "2017.11.14"]
[Board "11"]
[WhiteTeam "Canada"]
[BlackTeam "Ukraine"]

1.Nf3 Nf6 2.b3 g6 3.Bb2 Bg7 4.e3 O-O 5.c4 c5 6.Be2 Nc6 7.O-O d5 8.Ne5 d4 
9.Nxc6 bxc6 10.d3 a5 11.Qc2 dxe3 12.fxe3 a4 13.bxa4 Bg4 14.Nc3 Bxe2 15.
Qxe2 Nd7 16.Rad1 f5 17.Qc2 e6 18.Bc1 Qa5 19.Bd2 Ne5 20.Ne4 Qa7 21.Ng5 Qd7 
22.Bc1 Rfe8 23.e4 Qa7 24.Qf2 Qxa4 25.Qh4 h6 26.Nf3 Nxf3+ 27.gxf3 Kh7 28.
Rd2 Qa7 29.Rg2 Qe7 30.Qg3 Bd4+ 31.Kh1 Rg8 32.Qh3 h5 33.Re1 Qd6 34.f4 Ra6 
35.Qf3 Rg7 36.Be3 Qd7 37.Reg1 Ra3 38.Bxd4 cxd4 39.Qe2 c5 40.Rg5 1/2-1/2

[Event "Canada vs. Ukraine"]
[Site "CCCA"]
[Date "2017.11.14"]
[Round "2"]
[White "Sazonov, Nikolaj"]
[Black "Davis, Laura Anne"]
[Result "1-0"]
[WhiteElo "1968"]
[BlackElo "1968"]
[EventDate "2017.11.14"]
[Board "14"]
[WhiteTeam "Ukraine"]
[BlackTeam "Canada"]

1.e4 e5 2.Nf3 d6 3.d4 exd4 4.Bc4 Be7 5.Nxd4 Nf6 6.Nc3 O-O 7.O-O c5 8.Nf3 
Nc6 9.Re1 Ne5 10.Nxe5 dxe5 11.a4 Bg4 12.Qxd8 Bxd8 13.f3 Bd7 14.Rd1 a6 15.
Nd5 Bc6 16.Be3 b6 17.Nc3 h6 18.Rd6 Rc8 19.Bxa6 Rc7 20.Bb5 Bxb5 21.axb5 Rc8
22.Ra6 Rb8 23.Na4 Nh5 24.Nxb6 Bxb6 25.Raxb6 c4 26.Rxb8 Rxb8 27.Rd5 f6 28.
b6 Kh7 29.g3 g5 30.Rb5 Rb7 31.Rc5 Kg6 32.Rxc4 Ng7 33.Rc7 Rb8 34.b7 Ne6 35.
Ba7 Nxc7 36.Bxb8 Na6 37.Ba7 f5 38.b4 fxe4 39.b5 Nb8 40.Bxb8 exf3 41.Bxe5 
Kf5 42.b8=Q g4 43.Qd6 h5 44.Bc3 Ke4 45.Qe5# 1-0

[Event "Canada vs. Ukraine"]
[Site "CCCA"]
[Date "2017.11.14"]
[Round "1"]
[White "Davis, Laura Anne"]
[Black "Sazonov, Nikolaj"]
[Result "0-1"]
[WhiteElo "1968"]
[BlackElo "1968"]
[EventDate "2017.11.14"]
[Board "14"]
[WhiteTeam "Canada"]
[BlackTeam "Ukraine"]

1.e4 e5 2.Nc3 Nf6 3.d3 Bc5 4.Be2 d5 5.Nxd5 Nxd5 6.exd5 Qxd5 7.Nf3 Bf5 8.
O-O Nc6 9.Be3 f6 10.c4 Qd6 11.a3 Nd4 12.h3 Nxe2+ 13.Qxe2 Bxd3 14.Qd2 Bxe3 
15.Qxe3 Bxf1 16.Rxf1 Kf7 17.Qb3 Rhd8 18.Qxb7 Rab8 19.Qd5+ Qxd5 20.cxd5 
Rxd5 21.b4 Rbd8 22.Rc1 Rd1+ 23.Rxd1 Rxd1+ 24.Kh2 Ra1 25.Nd2 Rxa3 26.Nc4 
Ra4 27.Na5 c5 28.bxc5 Rxa5 29.c6 Rc5 30.Kg3 a5 31.Kf3 a4 32.Ke4 a3 33.f4 
a2 34.fxe5 a1=Q 35.exf6 Qc3 36.fxg7 Rc4+ 37.Kd5 Qd4# 0-1

[Event "Canada vs. Ukraine"]
[Site "CCCA"]
[Date "2017.11.14"]
[Round "2"]
[White "Tsirakovsky, Sergey"]
[Black "Prystenski, Arthur"]
[Result "1/2-1/2"]
[WhiteElo "2244"]
[BlackElo "2162"]
[EventDate "2017.11.14"]
[Board "8"]
[WhiteTeam "Ukraine"]
[BlackTeam "Canada"]

1.e4 e6 2.d4 d5 3.Nc3 Nf6 4.e5 Nfd7 5.f4 c5 6.Nf3 Nc6 7.Be3 Be7 8.Qd2 b6 
9.Be2 O-O 10.O-O Bb7 11.Nd1 a5 12.c3 Qc8 13.a4 Ba6 14.Nf2 Bxe2 15.Qxe2 Qb7
16.g3 Rab8 17.Kg2 b5 18.Rfb1 b4 19.Nd2 c4 20.h4 Bd8 21.h5 h6 22.g4 Ne7 23.
Nh3 Qc6 24.Bf2 Nb6 25.Qd1 b3 26.Bh4 Nxa4 27.Qf3 Qd7 28.f5 exf5 29.g5 Nc8 
30.Qg3 f4 31.Nxf4 Ne7 32.Kh2 Nf5 33.Qg4 hxg5 34.Bxg5 Bxg5 35.Qxg5 f6 36.
exf6 Rxf6 37.Nf3 Nd6 38.Ne5 Qf5 39.Qxf5 Rxf5 40.Neg6 Nxc3 41.Ne7+ Kh7 42.
Nxf5 Nxb1 43.Nxd6 Nd2 44.Ne2 Rb6 45.Rd1 Rxd6 46.Rxd2 Re6 47.Nc3 Re1 48.Rd1
Re3 49.Ra1 Rd3 50.Rxa5 1/2-1/2

[Event "Canada vs. Ukraine"]
[Site "CCCA"]
[Date "2017.11.14"]
[Round "1"]
[White "Prystenski, Arthur"]
[Black "Tsirakovsky, Sergey"]
[Result "1/2-1/2"]
[WhiteElo "2162"]
[BlackElo "2244"]
[EventDate "2017.11.14"]
[Board "8"]
[WhiteTeam "Canada"]
[BlackTeam "Ukraine"]

1.d4 d5 2.c4 c6 3.Nf3 e6 4.Nc3 dxc4 5.a4 Bb4 6.e3 b5 7.Bd2 a5 8.axb5 Bxc3 
9.Bxc3 cxb5 10.b3 Bb7 11.bxc4 b4 12.Bb2 Nf6 13.Bd3 Nbd7 14.O-O O-O 15.Nd2 
Re8 16.Bc2 Qc7 17.c5 e5 18.Nc4 exd4 19.exd4 Nd5 20.Re1 Nf4 21.Nd6 Rxe1+ 
22.Qxe1 Nf6 23.Qe5 Ng6 24.Qe3 Bd5 25.Ba4 Qe7 26.Re1 Qxe3 27.Rxe3 Ra6 28.g3
Bc6 29.Bxc6 Rxc6 30.Nc4 a4 31.Nb6 a3 32.Bxa3 bxa3 33.Rxa3 h5 34.Ra8+ Nf8 
35.Kf1 g5 36.Ke2 Kg7 37.Kd3 Ng6 38.f3 Ne7 39.Kc4 Re6 40.d5 Re1 41.d6 Nc6 
42.Kb5 Nd4+ 43.Ka6 g4 1/2-1/2

[Event "Canada vs. Ukraine"]
[Site "CCCA"]
[Date "2017.11.14"]
[Round "2"]
[White "Rets, Yriy"]
[Black "Taylor, Bob"]
[Result "1-0"]
[WhiteElo "2182"]
[BlackElo "2130"]
[EventDate "2017.11.14"]
[Board "10"]
[WhiteTeam "Ukraine"]
[BlackTeam "Canada"]

1.d4 d5 2.c4 e6 3.Nc3 c6 4.Nf3 dxc4 5.a4 Bb4 6.e3 b5 7.Bd2 a5 8.axb5 Bxc3 
9.Bxc3 cxb5 10.b3 Bb7 11.Bb2 Nf6 12.bxc4 b4 13.Bd3 Nbd7 14.O-O O-O 15.Nd2 
Re8 16.Bc2 Qc7 17.h3 h6 18.Re1 Red8 19.Qe2 Bc6 20.Rec1 a4 21.d5 exd5 22.
cxd5 Nxd5 23.Bxa4 Nc3 24.Bxc3 bxc3 25.Rxc3 Qe5 26.Rca3 Bxa4 27.Rxa4 Qxa1+ 
28.Rxa1 Rxa1+ 29.Kh2 Ra2 30.Qd3 Raa8 31.Qb1 Ra6 32.Nf3 Nf6 33.Nd4 Rda8 34.
f3 Ra1 35.Qb2 R1a2 36.Qb7 R2a7 37.Qc6 Ra6 38.Qc7 R6a7 39.Qg3 Kh7 40.h4 Rd7
41.Qf4 Re8 42.Kh3 Rd5 43.g4 Kg8 44.Nf5 Rd1 45.Qc4 Nd5 46.Qb3 Rd8 47.Kg3 
Nf6 48.Ne7+ Kf8 49.Nc6 R8d2 50.Qb8+ Ne8 51.Qb4+ Kg8 52.h5 Nf6 53.e4 Re2 
54.Ne7+ Kh7 55.Nf5 Nxe4+ 56.fxe4 f6 57.Qb5 Ra2 58.Ne7 Ra3+ 59.Kf4 Ra8 60.
Nd5 Ra7 61.Qe8 1-0

[Event "Canada vs. Ukraine"]
[Site "CCCA"]
[Date "2017.11.14"]
[Round "1"]
[White "Taylor, Bob"]
[Black "Rets, Yriy"]
[Result "1/2-1/2"]
[WhiteElo "2130"]
[BlackElo "2182"]
[EventDate "2017.11.14"]
[Board "10"]
[WhiteTeam "Canada"]
[BlackTeam "Ukraine"]

1.Nf3 Nf6 2.g3 d5 3.Bg2 c6 4.O-O Bg4 5.d3 Nbd7 6.Nbd2 e6 7.b3 Bd6 8.Bb2 
O-O 9.h3 Bh5 10.c4 Re8 11.Qc2 h6 12.e4 dxe4 13.dxe4 Bg6 14.a3 a5 15.Qc3 
Nc5 16.e5 Nfe4 17.Nxe4 Nxe4 18.Qe3 Bc5 19.Nd4 Qg5 20.Qxg5 Nxg5 21.h4 Red8 
22.Rad1 Nh7 23.Rd2 Bh5 24.f3 Nf8 25.Kh2 g5 26.hxg5 hxg5 27.Rfd1 Rd7 28.Nc2
Rad8 29.Bc3 Rxd2 30.Rxd2 Rxd2 31.Bxd2 Nd7 32.b4 Bg6 33.bxc5 Bxc2 34.f4 a4 
35.Be3 Bd3 36.Kh3 Kg7 37.Kg4 gxf4 38.gxf4 Kg6 39.Bf3 f6 40.Bd4 f5+ 41.Kg3 
Bxc4 42.Be3 Nb8 43.Bd1 Bb3 44.Be2 Kg7 45.Kf3 Nd7 46.Kf2 Nb8 47.Kf3 Nd7 48.
Kf2 Nb8 49.Kf3 Kf7 50.Kf2 Kg6 51.Kf3 Nd7 52.Kf2 Nb8 53.Kg3 Kf7 54.Kf2 Nd7 
55.Bh5+ Kg7 56.Bf3 Nf8 57.Bh5 Ng6 58.Bf3 Ne7 59.Bd2 Nc8 60.Kg3 Kf7 61.Bh5+
Ke7 62.Bf3 Na7 63.Bh5 Kd8 64.Ba5+ Kd7 65.Kh4 Nb5 66.Bb4 Nc7 67.Bd2 Nd5 68.
Kg5 b6 69.cxb6 Nxb6 70.Ba5 Nd5 71.Be2 Kc8 72.Bh5 Ne3 73.Bb4 Nd5 74.Ba5 Nc7
75.Bb4 Nd5 76.Ba5 Kd7 77.Be2 Ba2 78.Bd1 Bb3 79.Be2 1/2-1/2

[Event "Canada vs. Ukraine"]
[Site "CCCA"]
[Date "2017.11.14"]
[Round "2"]
[White "Yakovlyev, Sergiy"]
[Black "Dufour, Michael"]
[Result "1/2-1/2"]
[WhiteElo "2291"]
[BlackElo "2311"]
[EventDate "2017.11.14"]
[Board "3"]
[WhiteTeam "Ukraine"]
[BlackTeam "Canada"]

1.d4 Nf6 2.c4 e6 3.Nf3 b6 4.g3 Ba6 5.Qc2 c5 6.d5 exd5 7.cxd5 Bb7 8.Bg2 
Nxd5 9.O-O Be7 10.Rd1 Nc6 11.Qa4 Nf6 12.Nh4 g6 13.Bh6 Bf8 14.Bg5 Be7 15.
Nc3 O-O 16.Rd2 Rb8 17.Bf4 Rc8 18.Rad1 a6 19.Bd6 Re8 20.Qf4 Nh5 21.Bxe7 
Qxe7 22.Qh6 Nf6 23.Rd6 Nd4 24.Bxb7 Qxd6 25.e3 Ne2+ 26.Kf1 Qb8 27.Bxc8 Nxc3
28.bxc3 Qxc8 29.Nf5 gxf5 30.Qxf6 Qc6 31.Qxf5 Re6 32.Qd5 Qb5+ 33.Kg2 d6 34.
Rd2 h6 1/2-1/2

[Event "Canada vs. Ukraine"]
[Site "CCCA"]
[Date "2017.11.14"]
[Round "1"]
[White "Dufour, Michael"]
[Black "Yakovlyev, Sergiy"]
[Result "1/2-1/2"]
[WhiteElo "2311"]
[BlackElo "2291"]
[EventDate "2017.11.14"]
[Board "3"]
[WhiteTeam "Canada"]
[BlackTeam "Ukraine"]

1.e4 e5 2.Nf3 Nc6 3.Bb5 Nf6 4.O-O Nxe4 5.d4 Nd6 6.Bxc6 dxc6 7.dxe5 Nf5 8.
Qxd8+ Kxd8 9.Nc3 Bd7 10.h3 h6 11.b3 b6 12.Bb2 Kc8 13.Rad1 a5 14.Rd3 Be7 
15.Rfd1 Be6 16.a4 Kb7 17.Ne2 g5 18.Nfd4 Nxd4 19.Nxd4 Bd5 20.f3 Bc5 21.Kh2 
Bxd4 22.Bxd4 Be6 23.Bb2 c5 24.c4 Bf5 25.R3d2 Rhe8 26.g4 Be6 27.Rd3 Rh8 28.
Kg2 Rag8 29.Kg3 Kc6 30.Bc1 1/2-1/2

[Event "Canada vs. Ukraine"]
[Site "CCCA"]
[Date "2017.11.14"]
[Round "2"]
[White "Puzanov, Vasyl"]
[Black "Akwei, Loving"]
[Result "1/2-1/2"]
[WhiteElo "2277"]
[BlackElo "2267"]
[EventDate "2017.11.14"]
[Board "5"]
[WhiteTeam "Ukraine"]
[BlackTeam "Canada"]

1.c4 e5 2.Nc3 Nf6 3.Nf3 Nc6 4.g3 d5 5.cxd5 Nxd5 6.Bg2 Nb6 7.O-O Be7 8.a3 
Be6 9.d3 O-O 10.b4 a5 11.b5 Nd4 12.Nd2 c6 13.bxc6 Nxc6 14.Re1 a4 15.Rb1 
Qc7 16.Nf3 Rfd8 17.Bd2 Rdc8 18.Be3 Nd5 19.Nxd5 Bxd5 20.Rb5 Bxf3 21.Bxf3 
Bxa3 22.Qa1 Bd6 23.Reb1 Rcb8 24.Rb6 a3 25.Qa2 Kh8 26.Be4 h6 27.Kg2 Qe7 28.
R6b5 Ra6 29.Qc4 Qc7 30.h3 Raa8 31.Qa2 Qd7 32.g4 Kg8 33.Qc4 Qe8 34.Qa2 Qe7 
35.Rb6 Qd7 1/2-1/2

[Event "Canada vs. Ukraine"]
[Site "CCCA"]
[Date "2017.11.14"]
[Round "1"]
[White "Akwei, Loving"]
[Black "Puzanov, Vasyl"]
[Result "1/2-1/2"]
[WhiteElo "2267"]
[BlackElo "2277"]
[EventDate "2017.11.14"]
[Board "5"]
[WhiteTeam "Canada"]
[BlackTeam "Ukraine"]

1.e4 e5 2.Nf3 Nc6 3.Bb5 a6 4.Ba4 Nf6 5.O-O Be7 6.Re1 b5 7.Bb3 d6 8.c3 O-O 
9.h3 Na5 10.Bc2 c5 11.d4 exd4 12.cxd4 Re8 13.b3 Nc6 14.Nc3 cxd4 15.Nxd4 
Bb7 16.Nf5 Bf8 17.Bg5 Nb4 18.Bb1 Rc8 19.Qd2 h6 20.Bh4 g5 21.Bg3 d5 22.e5 
d4 23.Ne4 Nxe4 24.Bxe4 Bxe4 25.Rxe4 Nc2 26.Rc1 d3 27.Rg4 Qd7 28.Rxg5+ hxg5
29.Qxg5+ Kh7 30.Qh5+ 1/2-1/2

[Event "Canada vs. Ukraine"]
[Site "CCCA"]
[Date "2017.11.14"]
[Round "2"]
[White "Moskalenko, Eduard"]
[Black "Giroux, Marc"]
[Result "1-0"]
[WhiteElo "2246"]
[BlackElo "2173"]
[EventDate "2017.11.14"]
[Board "7"]
[WhiteTeam "Ukraine"]
[BlackTeam "Canada"]

1.e4 c5 2.Nf3 e6 3.d4 cxd4 4.Nxd4 Nc6 5.Nc3 Nf6 6.Nxc6 bxc6 7.e5 Nd5 8.Ne4
Qc7 9.f4 Qb6 10.c4 Ne3 11.Qd3 Bb4+ 12.Bd2 O-O 13.Rc1 Nxf1 14.Rxf1 Be7 15.
Bc3 Bb7 16.Nf6+ Bxf6 17.exf6 d5 18.fxg7 Rfb8 19.Qd2 Ba6 20.Rf2 c5 21.Be5 
Rd8 22.Kf1 dxc4 23.Qe1 Rd3 24.Kg1 Qc6 25.Re2 Rad8 26.h3 R8d5 27.Kh2 Qd7 
28.Qf2 Bb5 29.Rce1 Bc6 30.f5 exf5 31.Bf4 R5d4 32.Re7 Qd8 33.R1e2 a6 34.Bc7
Qc8 35.Be5 Rd8 36.Qf4 R3d7 37.Bc3 Bd5 38.Ba5 Rxe7 39.Rxe7 Qb8 40.Qxb8 Rxb8
41.Bc3 f4 42.Kg1 Ra8 43.Kf2 Rb8 44.Rc7 Bb7 45.a3 f3 46.gxf3 Bc8 47.h4 Be6 
48.Ra7 Bc8 49.Ke3 Rb7 50.Ra8 1-0

[Event "Canada vs. Ukraine"]
[Site "CCCA"]
[Date "2017.11.14"]
[Round "1"]
[White "Giroux, Marc"]
[Black "Moskalenko, Eduard"]
[Result "1/2-1/2"]
[WhiteElo "2173"]
[BlackElo "2246"]
[EventDate "2017.11.14"]
[Board "7"]
[WhiteTeam "Canada"]
[BlackTeam "Ukraine"]

1.e4 c5 2.Nf3 d6 3.d4 cxd4 4.Nxd4 Nf6 5.f3 e5 6.Bb5+ Nbd7 7.Nf5 d5 8.exd5 
a6 9.Bxd7+ Qxd7 10.Ne3 b5 11.a3 Bc5 12.Nc3 O-O 13.Ne4 Nxe4 14.fxe4 Qd8 15.
Qh5 g6 16.Qf3 f5 17.h4 f4 18.Ng4 h5 19.Nf2 a5 20.Bd2 Qb6 21.c3 Bd7 22.Rc1 
b4 23.cxb4 Be3 24.Rc3 Bxd2+ 25.Kxd2 axb4 26.axb4 Qd4+ 27.Nd3 Ra2 28.Kc2 
Rfa8 29.Rb1 Bg4 30.Qf2 Qxe4 31.Re1 Qxd5 32.Rc5 Qd7 33.Rcxe5 Bf5 34.Rxf5 
Qxf5 35.Qd4 Rc8+ 36.Kd2 Qf7 37.Re5 Ra7 38.Qxf4 Re7 39.Qxf7+ Kxf7 40.Rc5 
Rd8 41.b5 Red7 42.Rc3 Rb7 43.Rc5 Re7 44.b4 Re6 45.g3 Kf6 46.Rc4 Rd5 47.Kc3
Re3 48.Rd4 Rxb5 49.Kc4 Rb8 50.g4 Rc8+ 51.Nc5 Re1 52.Rd6+ Kf7 53.g5 Rc1+ 
54.Kb3 Rh1 1/2-1/2

[Event "Canada vs. Ukraine"]
[Site "CCCA"]
[Date "2017.11.14"]
[Round "2"]
[White "Shein, Alexandr"]
[Black "Paul, Michael"]
[Result "1-0"]
[WhiteElo "1754"]
[BlackElo "1659"]
[EventDate "2017.11.14"]
[Board "18"]
[WhiteTeam "Ukraine"]
[BlackTeam "Canada"]

1.e4 c5 2.Nf3 a6 3.c3 Qc7 4.d4 cxd4 5.cxd4 b5 6.Bd3 e6 7.Nc3 d6 8.Bf4 Nc6 
9.Rc1 Bb7 10.d5 Nb4 11.Be2 Qd7 12.Qb3 exd5 13.Qxb4 dxe4 14.Nxe4 Rd8 15.O-O
Nf6 16.Nxf6+ gxf6 17.Rfe1 Be7 18.Nh4 Rg8 19.Bd3 Qh3 20.Rxe7+ Kf8 21.Bh6+ 
1-0

[Event "Canada vs. Ukraine"]
[Site "CCCA"]
[Date "2017.11.14"]
[Round "1"]
[White "Paul, Michael"]
[Black "Shein, Alexandr"]
[Result "0-1"]
[WhiteElo "1659"]
[BlackElo "1754"]
[EventDate "2017.11.14"]
[Board "18"]
[WhiteTeam "Canada"]
[BlackTeam "Ukraine"]

1.e4 c5 2.Nc3 Nc6 3.Nf3 e5 4.d3 d6 5.Be2 Nf6 6.h3 Be7 7.O-O d5 8.exd5 Nxd5
9.Nxd5 Qxd5 10.c4 Qd6 11.a3 Qg6 12.Kh1 O-O 13.Bd2 Bf5 14.Qc2 Rfd8 15.Bc3 
Bxd3 16.Bxd3 Rxd3 17.Qe2 e4 18.Ne1 Rd6 19.Nc2 Nd4 20.Bxd4 cxd4 21.Nb4 d3 
22.Qg4 Qxg4 23.hxg4 Rh6+ 24.Kg1 Bd6 25.g3 Rg6 26.f3 Bxb4 27.axb4 e3 28.Ra3
Rd8 29.Rxa7 e2 30.Rfa1 d2 0-1

[Event "Canada vs. Ukraine"]
[Site "CCCA"]
[Date "2017.11.14"]
[Round "2"]
[White "Babychuk, Vladimir"]
[Black "Green, Peter"]
[Result "1/2-1/2"]
[WhiteElo "2200"]
[BlackElo "2145"]
[EventDate "2017.11.14"]
[Board "9"]
[WhiteTeam "Ukraine"]
[BlackTeam "Canada"]

1.d4 Nf6 2.c4 g6 3.Nc3 Bg7 4.e4 d6 5.Nf3 O-O 6.Be2 e5 7.O-O Nc6 8.d5 Ne7 
9.h3 Ne8 10.Re1 f5 11.exf5 gxf5 12.Ng5 h6 13.Ne6 Bxe6 14.dxe6 Qc8 15.Nd5 
Qxe6 16.Nxe7+ Qxe7 17.Qd5+ Kh8 18.Qxb7 Nf6 19.Bf1 Qd7 20.Qb5 c6 21.Qa4 Rg8
22.b4 Rab8 23.Rb1 Ne4 24.Qc2 d5 25.Rb3 Rgf8 26.Bd3 Nd6 27.c5 Nb7 28.b5 e4 
29.Bf1 Rbc8 30.Rd1 cxb5 31.Bxb5 Qe6 32.Bb2 Rxc5 33.Bxg7+ Kxg7 34.Qb2+ Kh7 
35.Bd7 Qxd7 36.Rxb7 Rc7 37.Rxc7 Qxc7 38.Rxd5 Rd8 39.Rxd8 Qxd8 40.Qe5 Kg6 
41.Kh2 Qd7 42.a3 Qf7 43.a4 Qd7 44.a5 Kg5 45.a6 Kg6 46.h4 Kh5 47.g3 Kg6 48.
Kg2 Kh5 49.Qb8 Kg6 50.Qb7 Qf7 51.Kh3 Kf6 52.Kg2 Kg6 53.Qc6+ Kg7 54.Qd6 Kh7
55.Qe5 h5 56.Qd6 Kg7 57.Qd8 Qf6 58.Qc8 Qf7 59.Kh2 Kg6 60.Qc6+ Qf6 61.Qe8+ 
Kh6 62.Kg2 Qxa6 63.Qh8+ Kg6 64.Qg8+ Kf6 65.Qg5+ Ke5 66.Qf4+ Kd4 67.Qxf5 
Qe2 68.Qd7+ Kc3 69.Qxa7 Qf3+ 70.Kh2 Kd2 71.Qb6 Ke2 72.Kg1 Kd2 73.Qd4+ Ke2 
74.Qb2+ Kd1 75.Qb6 Ke2 76.Qd4 Qd3 77.Qb2+ Kf3 78.Qc1 Ke2 79.Qf1+ 1/2-1/2